Statistiken für Überregionale deutsche Zeitungen

Klicken Sie hier um das Quiz zu spielen!

Allgemein

  • Dieses Quiz wurde 427 mal gespielt
    (426 seit der letzten Aktualisierung)
  • Das Durchschnittsergebnis liegt bei 6 aus 15

Antwortstatistiken

RangAuflageTageszeitung% Korrekt
12.099.909Bild
95%
3305.257Frankfurter Allgemeine Zeitung
75%
2381.844Süddeutsche Zeitung
70%
4170.600Die Welt
62%
2505.073Die Zeit
62%
853.812die tageszeitung
48%
11.066.033Bild am Sonntag
46%
687.136Frankfurter Rundschau
27%
3402.287Welt am Sonntag
22%
5118.034Handelsblatt
14%
4288.123Frankfurter Allgemeine Sonntagszeitung
12%
930.409Neues Deutschland
8%
518.752Der Freitag
7%
1014.000junge Welt
6%
776.000Welt kompakt
1%

Verteilung der Resultate

Perzentil nach korrekt beantworteten Fragen

Anzahl Personen mit jedem Resultat

Ihre Resultats-Entwicklung

Sie haben dieses Quiz seit der letzten Aktualisierung nicht gespielt